| 000 | 00490 a2200157 4500 | ||
|---|---|---|---|
| 020 | _a0837156963 | ||
| 040 |
_aDLC _bDLC |
||
| 082 | 0 | 0 | _a353.0313 |
| 100 | 1 | _aLaski, Harold J. | |
| 245 | 1 | 4 |
_aThe American Presidency: an interpretation. _ban interpretation. _cLaski, Harold J. |
| 260 |
_aNew Delhi, _bCosmo Publications, _c2007. |
||
| 300 |
_aviii, 278 p. _c22 cm. |
||
| 650 | 0 |
_aPresidents _zUnited States. |
|
| 651 | 0 |
_aUnited States _xPolitics and government. |
|
| 942 |
_cBK _k353.0313 LAS _2ddc |
||
| 999 |
_c7292 _d7292 |
||